Katy or Zooey? Quiz Stats

 Plays Quiz Updated Oct 2, 2015

Score 0/25 Timer 01:30
0 Plays Today
% Correct
Katy
97.7%
Zooey
97.2%
Katy
96.7%
Katy
96.4%
Zooey
95.6%
Zooey
95.2%
Katy
95%
Katy
94.4%
Zooey
93.7%
Katy
93.1%
Zooey
92.5%
Katy
92.2%
Zooey
91%
% Correct
Zooey
89.5%
Zooey
89.3%
Zooey
88.2%
Zooey
88.1%
Katy
87.8%
Zooey
87.3%
Katy
86.8%
Katy
83%
Zooey
82.8%
Zooey
82.4%
Katy
80.7%
Zooey
79.6%

You're not logged in!

Compare scores with friends on all Sporcle quizzes.
Join for Free
OR
Log In

You Might Also Like...

Show Comments

Extras

Top Quizzes Today


Score Distribution

Your Account Isn't Verified!

In order to create a playlist on Sporcle, you need to verify the email address you used during registration. Go to your Sporcle Settings to finish the process.

Report this User

Report this user for behavior that violates our Community Guidelines.

Details: